000 00423nam a22001697a 4500
999 _c11543
_d11543
003 OSt
008 220920b ||||| |||| 00| 0 eng d
020 _a9789352139057
082 _a006.31 GEH
100 _aGERON,Aurelien
245 _aHands on Machine Learning With Scikit Learn, Keras and Tensorflow
250 _a2nd
260 _aNew Delhi
_bSPD
_c2022
300 _a819
650 _aCSE (CS)
942 _2ddc
_cBK
_09